000 00307nam a2200121Ia 4500
008 220120s9999||||xx |||||||||||||| ||und||
020 _a81-7286-183-4
100 _aTanembaum, Andrew
_91853
245 0 _aComputer networks
260 _aPrentice hall of india
_c2001
300 _b160
650 _aMATHEMATICS
999 _c137156
_d137156